000 02075nam a22002777a 4500
005 20260402095307.0
008 260402b |||||||| |||| 00| 0 eng d
020 _a9789390709007
040 _cAL
041 _aeng
082 _a621.3815
_bCHAA
100 _aTaraprasad Chattopadhyay
_9260078
245 _aAdvanced electronics Ed 2
250 _a2
260 _aNew Delhi
_bCBS Publishers and Distributors Pvt Ltd
_cNew Delhi
300 _axiii,208p
_bPB
_c24x17cm
365 _2Electronics and Communication Engineering
_aVBI-2645
_b₹221.25
_c
_d₹295.00
_e25%
_f20-02-2026
520 _aAdvanced Electronics for MSc (Physics), MSc (Electronics) and Blech (Electronics and Communication) provides the essentials for advanced knowledge in electronics and communication engineering. The book deals with the theory of passive and active devices along with the design of some advanced level experiments. Ihe book comprises 13 chapters; each chapter starts with a comprehensive detail of the topic discussed followed by solved problems, exercise problems, and simple topic-based questions. Hints and answers to the exercise problems are also given for effective learning. Salient Features It provides the essentials for advanced knowledge in electronics and communication engineering covering theory of passive and active devices along with the design of some advanced level experiments Simple and explanatory approach Example-based explanation of each topic Concepts elucidated through adequate numbers of problems and their answers Supplemented with relevant schematic circuit diagrams and Illustrations Hints and answers to exercise problems given for effective learning Meets the requirements of students of MSc (Physics), MSc (Electronics) and BTech (Electronics and Communication) of all universities.
650 _aTransmission Line
_9260079
650 _aSolid State Microwave Oscillators
_9260080
650 _aRadar
_9260081
650 _aAntenna
_9260082
650 _aWaveguides
_9260083
650 _aDigital Modulations
_9260084
942 _2ddc
_cBK
999 _c241113
_d241113